Emilio Aguinaldo papers, (Record no. 39638)

MARC details
000 -LEADER
fixed length control field 01216cpcaa2200301 4500
001 - CONTROL NUMBER
control field mm 78004616
003 - CONTROL NUMBER IDENTIFIER
control field DLC
005 - DATE AND TIME OF LATEST TRANSACTION
control field 20260227111620.0
008 - FIXED-LENGTH DATA ELEMENTS--GENERAL INFORMATION
fixed length control field 781212|||||||||||| spa
010 ## - LIBRARY OF CONGRESS CONTROL NUMBER
LC control number mm 78004616
040 ## - CATALOGING SOURCE
Original cataloging agency DLC
Transcribing agency DLC
Description conventions dacs
Modifying agency DLC
041 ## - LANGUAGE CODE
Language code of text/sound track or separate title spa
-- eng
072 #7 - SUBJECT CATEGORY CODE
Subject category code H
Source lcmd
100 1# - MAIN ENTRY--PERSONAL NAME
Personal name Aguinaldo, Emilio,
Dates associated with a name 1869-1964.
245 00 - TITLE STATEMENT
Title Emilio Aguinaldo papers,
Inclusive dates 1899-1901.
300 ## - PHYSICAL DESCRIPTION
Extent 3
Type of unit items.
506 0# - RESTRICTIONS ON ACCESS NOTE
Terms governing access Open to research.
520 8# - SUMMARY, ETC.
Summary, etc. Address (Malolos; 1899 January 16) to Aguinaldo's troops and a letter of referral. Includes a typewritten English translation of the address.
533 ## - REPRODUCTION NOTE
Type of reproduction In part, typewritten transcript.
Place of reproduction [S.l.].
545 0# - BIOGRAPHICAL OR HISTORICAL DATA
Biographical or historical data Philippine patriot.
546 ## - LANGUAGE NOTE
Language note Collection material in Spanish, with English.
580 ## - LINKING ENTRY COMPLEXITY NOTE
Linking entry complexity note Forms part of: Miscellaneous Manuscripts collection.
651 #0 - SUBJECT ADDED ENTRY--GEOGRAPHIC NAME
Geographic name Philippines
General subdivision History
Chronological subdivision Philippine American War, 1899-1902.
656 #7 - INDEX TERM--OCCUPATION
Occupation Patriots
Geographic subdivision Philippines.
Source of term itoamc

No items available.

Powered by Koha